| 000 | 00470nam a2200169Ia 4500 | ||
|---|---|---|---|
| 003 | OSt | ||
| 005 | 20230918150112.0 | ||
| 008 | 190216s9999||||xx |||||||||||||| ||und|| | ||
| 020 | _a9780140238679 | ||
| 040 | _coclc | ||
| 082 |
_a950.072 _bSAI/O |
||
| 100 | 1 |
_aSaid, Edward W. _92398 |
|
| 245 | 0 |
_aOrientalism / _cEdward W Said |
|
| 260 |
_bPenguin Books, _c2001. _aEngland: |
||
| 300 | _a396p | ||
| 942 |
_cBK _2ddc _h950.072 _iSAI/O _k950.072 _mSAI/O |
||
| 999 |
_c20749 _d20749 |
||